000 00314nam a22001337a 4500
008 170602b xxu||||| |||| 00| 0 eng d
020 _a2700618044233
041 _aeng
080 _24 ED
_a94
100 _a17
101 _aSHH
245 _aWESTERN CIVILIZATION A BRIEF HISTORY
_cPERRY.M
942 _2udc
_cBK
999 _c15545
_d15545